书目信息 |
| 题名: |
简衣术
|
|
| 作者: | 黄薇 著 | |
| 分册: | ||
| 出版信息: | 沈阳 辽宁教育出版社 2006.11 |
|
| 页数: | 1册 | |
| 开本: | 24cm | |
| 丛书名: | ||
| 单 册: | ||
| 中图分类: | TS941.11 | |
| 科图分类: | ||
| 主题词: | 服装美学--基本知识 | |
| 电子资源: | ||
| ISBN: | 7-5382-7875-3 | |
| 000 | 00664nam0 2200217 450 | |
| 001 | 251599 | |
| 005 | 20100714174954.60 | |
| 010 | @a7-5382-7875-3@dCNY39.80 | |
| 100 | @a20100515d2006 km y0chiy0120 ea | |
| 101 | 0 | @achi |
| 102 | @aCN@b210000 | |
| 105 | @aa z 000yy | |
| 200 | 1 | @a简衣术@Ajian yi shu@f黄薇著@Fhuang wei zhu |
| 210 | @a沈阳@c辽宁教育出版社@d2006.11 | |
| 215 | @a1册@c彩图@d24cm | |
| 330 | @a本书介绍了服装美学方面的有关知识,阐述了如何认识服装的能~量,如何找到适合自己的服装,以及怎样投资衣橱。 | |
| 606 | 0 | @a服装美学@x基本知识 |
| 690 | @aTS941.11@v4 | |
| 701 | 0 | @a黄薇@Ahuang wei@4著 |
| 801 | 0 | @aCN@c20100515 |
| 905 | @dTS941.11@eH893@f3 | |
| 简衣术/黄薇著.-沈阳:辽宁教育出版社,2006.11 |
| 1册:彩图;24cm |
| ISBN 7-5382-7875-3:CNY39.80 |
| 本书介绍了服装美学方面的有关知识,阐述了如何认识服装的能~量,如何找到适合自己的服装,以及怎样投资衣橱。 |
| ● |
| 相关链接 |
|
|
|
正题名:简衣术
索取号:TS941.11/H893
 
预约/预借
| 序号 | 登录号 | 条形码 | 馆藏地/架位号 | 状态 | 备注 |
| 1 | 992466 | 209924661 | 自科库501/501自科库 73排1列1层/ [索取号:TS941.11/H893] | 在馆 | |
| 2 | 992467 | 209924670 | 自科库501/501自科库 73排1列1层/ [索取号:TS941.11/H893] | 在馆 | |
| 3 | 992468 | 209924689 | 自科库501/501自科库 73排1列1层/ [索取号:TS941.11/H893] | 在馆 |